Communications of the ACM

Salvato in:
Dettagli Bibliografici
Natura: Periodico
Pubblicazione: 1984
Tags: Aggiungi Tag
Nessun Tag, puoi essere il primo ad aggiungerne!!

MARC

LEADER 00000nas a22000003a 4500
001 stu65397
005 20141122003530.2
008 011106s1984----------------------------d
040 |a STU  |b slo 
041 0
245 |a Communications of the ACM 
260 |c 1984 
500 |a 1,2,4-8,10-12 /CH: 3,9 
500 |a 12 
773 0 |t Communications of the ACM :  |w stu_us_cat*stu59571  |x 0001-0782  |7 nnas 
996 |d Vol. 27, 1984  |v Vol. 27  |y 1984  |l II680  |s A  |a 24  |w stu65397_0001